000 00507nam a2200205Ia 4500
008 170918s9999 xx 000 0 und d
020 _a9780590688819
050 _bE573 1996
100 _aEngel, Trudie
245 _aWe'll never forget you, Robert Clemente /
245 _cTrudie Engel.
260 _aNew York :
260 _bScholastic,
260 _c1996
300 _a106 pages :
300 _bcolored illustration ;
300 _c19cm.
440 _aScholastic biography.
500 _a680
999 _c341906
_d341906